000 00509cam a22002051 4500
001 he 68000842
003 DLC
005 20260227111456.0
008 830808s1965 is 000 0 fre
010 _ahe 68000842
035 _a(OCoLC)16765794
040 _aDLC
_cOrPS
_dDLC
042 _apremarc
050 0 0 _aPJ4569
_b.R69
100 1 _aRosen, Aharon.
245 1 2 _aL'hébreu sans peine;
260 _aJerusalem,
_bAhiasaf
_c[1965]
300 _a80 p.
_c23 cm.
650 0 _aHebrew language
_xReaders.
999 _c33109
_d33109